| 000 | 00775cam a22001935a 4500 | ||
|---|---|---|---|
| 001 | L150067 | ||
| 008 | 100527e2010 xxk 000 0 eng d | ||
| 035 | _a(Sirsi) u150067 | ||
| 041 | 0 | _aeng | |
| 100 | 1 | _aRussell-Croucher, Martin | |
| 245 | 0 | 0 | _aLead us not into contamination |
| 260 | _c2010 | ||
| 490 |
_aRICS Building Control _vJune 2010, 20-21(2) |
||
| 520 | _a75% of schools contain asbestos; considers how to manage it; RICS working group is preparing further guidance for asbestos management for all properties including schools to cover strategy, monitoring, communication, emergency procedures and continuous improvement. | ||
| 590 | _aKA | ||
| 651 | 4 |
_aUnited Kingdom _y |
|
| 690 | _aMANAGEMENT-HEALTH AND SAFETY-HAZARDOUS SUBSTANCES-ASBESTOS | ||
| 942 | _n0 | ||
| 999 |
_c82381 _d82381 |
||